LEADER 01361nam a2200289 i 4500 001 000000214634 003 CaOOAMICUS 005 20120730000000.0 008 120730s1996 it u000 u ita u 013 $a193505 020 $a88-340-1193-7 040 $aSeMil$bita 100 1 $aFeldenkrais, Moshe.$0(OLS)http://semarc/name/76332 240 10$aBody and mature behaviour.$0(OLS)http://semarc/title/309220 245 13$aIl corpo e il comportamento maturo :$bsul sesso, l'ansia e la forza di gravità /$cMoshe Feldenkrais. 260 $aRoma :$bAstrolabio,$c1996. 300 $a211 p. :$bill. ;$c21 cm. 490 0 $aPsiche e coscienza : collana di testi e documenti per lo studio della psicologia del profondo 650 4$aCorpo umano - Aspetti psicologici.$0(OLS)http://semarc/subject/8601 650 4$aComportamento - Psicologia.$0(OLS)http://semarc/subject/6510 830 0$aPsiche e coscienza.$0(OLS)http://semarc/title/7985 850 $aSeMil 852 $aSeMil$W1$xVenegono$y1$m2O II 446$j165055$B165055$CSeMilBibl$Z2$F176098 $81 961 $aLascito: Milani don Felice 996 $6020$a88-340-1193-7$9(OLS)http://semarc/number/210972 996 $6245$aIl corpo e il comportamento maturo :$bsul sesso, l'ansia e la forza di gravità$9(OLS)http://semarc/title/309219 996 $6260$aRoma :$bAstrolabio$9(OLS)http://semarc/publisher/31592 LEADER 00698nam a2200181 i 4500 001 000000025427 003 CaOOAMICUS 005 20180830125446.0 008 180830s1990 it u000 u ita u 040 $aSeMil$bita 245 10$aRegioni e mete in Europa :$bambiente, arte, storia. 260 $aMilano :$bTouring Club Italiano,$c1990-1991. 300 $a2 v. ;$c30 cm. 650 4$aEuropa - Guide.$0(OLS)http://semarc/subject/520 774 0 $tVol. 1.$z88-365-0423-X$w()205946 774 0 $tVol. 2.$z88-365-0490-6$w()205947 996 $6245$aRegioni e mete in Europa :$bambiente, arte, storia$9(OLS)http://semarc/title/34251 996 $6260$aMilano :$bTouring Club Italiano$9(OLS)http://semarc/publisher/29688